Flower garden

Bibliographic Details
Format: Book
Published: Selangor : Early Learner Publications , 2004
Series:I can read
Subjects:

MARC

LEADER 00000cam a2200000 7i4500
001 0000005835
005 20220105104015.0
008 070810
020 |a 9833090044 
090 0 0 |a JP   |b EL ENG (7137) 
245 0 0 |a Flower garden 
260 |a Selangor :   |b Early Learner Publications ,   |c 2004 
440 |a I can read 
500 |a Children age 4-6 years old (yellow) 
650 0 |a Junior preschool   |x English   |x Languages 
999 |a 0000981774   |b Book   |c Children Collection   |e Perbadanan Perpustakaan Awam Johor 
999 |a 0000981775   |b Book   |c Children Collection   |e Perbadanan Perpustakaan Awam Johor 
999 |a 0000981776   |b Book   |c Children Collection   |e Perbadanan Perpustakaan Awam Johor 
999 |a 0000981777   |b Book   |c Children Collection   |e Perbadanan Perpustakaan Awam Johor